000 00493 a2200145 4500
020 _a 8178801086
082 _a004.03
100 _aAnand, Aishwarya.
245 _aEncyclopaedia of Applied information systems:System Analysis and Design, Volume-3, 2003
260 _aNew Delhi :
_bRajat Publications,
_c2003.
300 _avol.3, vi, 280 p. :
_bill. ;
500 _aIncludes bibliographical references and index
650 _a1.Encyclopedia. 2.Management information systems.
942 _cBK
999 _c481657
_d481657